Biogeography / (Registro nro. 19487)

Detalles MARC
000 -CABECERA
Campo de control 00704cam a2200229 i 4500
005 - FECHA Y HORA DE LA ULTIMA TRANSACCION
Campo de control 20180803170402.0
008 - ELEMENTOS DE LONGITUD FIJA—INFORMACION GENERAL
Campo de control 790424s1979 nyua b 001 0 eng
020 ## - ISBN
ISBN 0471058459
040 ## - FUENTE DE CATALOGACIÓN
Agencia catalogadora original DLC
Agencia transcriptora DLC
Agencia Modificadora DLC
-- CO-BoIAVH
041 0# - IDIOMA
Código de idioma para texto/pista de sonido o título separado Inglés
044 ## - PAÍS DE PUBLICACIÓN
País de publicación Estados Unidos
082 04 - NUMERO DE CLASIFICACION DECIMAL DEWEY
Número de clasificación 578.09
Número del ítem P61b
100 1# - ASIENTO PRINCIPAL--NOMBRE PERSONAL
Nombre personal Pielou, E. C.
Fechas asociadas con el nombre 1924-
Término relacionado autor
9 (RLIN) 81376
245 10 - MENCION DE TITULO
Título Biogeography /
Mención de responsabilidad E. C. Pielou.
260 ## - PUBLICACION, DISTRIBUCION, ETC. (PIE DE IMPRENTA)
Lugar de publicación, distribución, etc. Nueva York (EE.UU.) :
Nombre del editor, distribuidor, etc. Wiley,
Fecha de publicación, distribución, etc. c1979.
300 ## - DESCRIPCION FISICA
Extensión ix, 351 páginas :
Otros detalles físicos ilustraciones ;
Dimensiones 30 x 23 cm.
500 ## - NOTA GENERAL
Nota general Incluye índice.
504 ## - NOTA DE BIBLIOGRAFIA, ETC.
Nota de bibliografía Incluye referencias bibliográficas: páginas 315-335.
650 26 - ASIENTO SECUNDARIO DE MATERIA - TERMINO TEMATICO
Término temático o nombre geográfico como elemento de entrada Biogeografía
9 (RLIN) 92747
650 26 - ASIENTO SECUNDARIO DE MATERIA - TERMINO TEMATICO
Término temático o nombre geográfico como elemento de entrada Evolución
Subdivisión general Filogenia
9 (RLIN) 81378
942 ## - ELEMENTOS ADICIONALES (KOHA)
Sistema de clasificación Dewey Decimal Classification
Tipo de ítem Libro
Existencias
Withdrawn status Lost status Sistema de Clasificación Damaged status No para préstamo Colección Inventariado Ubicación Permanente Ubicación actual Fecha de adquisición Fuente de Valor Valor Total Checkouts Número topográfico Inventario / Código de Barras Date last seen Ejemplar Price effective from Forma de adquisición Tipo de material Public note
    Dewey Decimal Classification     General Inventariado 2017 Bogotá Bogotá 08/05/2017 Instituto 39000.00   LB-578.09 P61b 041215 08/05/2017 Ej. 1 08/05/2017 Donación Libro Disponible en fotocopia, solo para consulta en sala.